Mixed Word: Common Bond XXIX Quiz Stats

 Plays Quiz Updated Mar 30, 2018

Challenge
Share
Tweet
Embed
Score 0/11 Timer 03:00
6 Plays Today
Hint Answer % Correct
HBATBath
98.2%
RAWMWarm
97.3%
LOCDCold
97.3%
LEUBBlue
94.5%
NUOHDHound
87.7%
ESNILLines
87%
RSFITFirst
86.6%
KUCSRESucker
64.2%
TYTRISHThirsty
45.2%
LINDRUCGCurdling
40.2%
Word in common with all of the above:Blood
36.9%

You're not logged in!

Compare scores with friends on all Sporcle quizzes.
Join for Free
OR
Log In

You Might Also Like...

Show Comments

Extras

Top Quizzes Today


Score Distribution

Your Account Isn't Verified!

In order to create a playlist on Sporcle, you need to verify the email address you used during registration. Go to your Sporcle Settings to finish the process.

Report this User

Report this user for behavior that violates our Community Guidelines.

Details: